000 00673nam a2200205 i 4500
001 bg
100 1 _aHEIMANN, R. B.
245 0 _aRastvorenije kristallov :
_bteorija i praktika /
_cR.
_nB. Hejman.
246 _iTyt. oryg.:
_aAuflosung von Kristallen : Theorie und technische Anwendung
260 _aLeningrad :
_bNedra,
_c1979.
300 _a271, [1] S. :
_bfot., rys., wykr. ;
_c22 cm.
500 _aOryg. : "Auflosung von Kristallen : Theorie und technische Anwendung".
504 _aBibliogr. s. 234-260. -Indeksy.
650 9 _aKrysztaƂy
040 _cBPK
041 1 _aru
_hdede
080 _a548.5
942 _cKS
008 s pl f |000 0 pol
999 _c31925
_d31925
856 _uhttp://koha.tu.koszalin.pl/cgi-bin/koha/opac-detail.pl?biblionumber=31925
_yKatalog online BPK